000 00679cab a2200253 4500
001 X135
008 090401t1992 xxu||||| |||| 00| 0 eng d
035 _a(Sirsi) u64107
041 _aeng
100 _aGordon, R.
245 _aRegeneration gaps close as the parties face the electorate
260 _c1992
350 _a0
490 _aChartered Surveyor Weekly
_v38(12) 26 March 1992, 16-17(2)
650 _aCONSERVATIVE PARTY
650 _aENTERPRISE ZONES
650 _aLABOUR PARTY
650 _aLIBERAL DEMOCRATS PARTY
650 _aREGIONAL PLANNING POLICY
650 _aURBAN REGENERATION
690 _aURBAN RENEWAL
942 _n0
948 _c04/03/1997
999 _c39908
_d39908